| 000 | 01695nas a2200289 a 4500 | ||
|---|---|---|---|
| 003 | CO-CtgCURN | ||
| 005 | 20250407152859.0 | ||
| 007 | cr || aaaaa | ||
| 008 | 240812s9999 xx br poo 000 0 und d | ||
| 022 | _a2145-8898 (impreso) | ||
| 022 | _a2805-6485 (digital) | ||
| 040 |
_aCO-CtgCURN _bspa _ccoctgcurn |
||
| 082 | _a610.73 | ||
| 110 |
_aUniversidad de Antioquia _910099 |
||
| 245 | 0 |
_aHechos mircrobiológicos _h[electronic resource] / _cUniversidad de Antioquia |
|
| 260 |
_aMedellín, Antioquia : _bUniversidad de Antioquia |
||
| 300 |
_avolúmenes : _btablas, ilustraciones, fotografías ; _c24 centímetros |
||
| 504 | _aIncluye referencias bibliográficas | ||
| 520 | _aLa revista Hechos Microbiológicos, es la publicación científica oficial de la Escuela de Microbiología de la Universidad de Antioquia. Se publica en formato digital e impreso con periodicidad semestral. Su misión es difundir los conocimientos científicos relacionados con la práctica y los procesos en Microbiología y Bioanálisis, y de otras disciplinas afines con las áreas de la salud, la industria, el ambiente y la educación en Microbiología. Busca mantener una vía de intercambio de conocimientos y experiencias con disciplinas que tengan su centro de acción en la investigación básica y aplicada. | ||
| 521 | _aAREA PROFESIONAL | ||
| 550 | _aPublicado por la Universidad de Antioquia | ||
| 590 | _aPrograma de Enfermería_27 | ||
| 650 |
_aEnfermería _xPublicaciones periódicas _zColombia _910100 |
||
| 856 |
_uhttps://revistas.udea.edu.co/index.php/hm _yHaga clic para acceso en línea |
||
| 942 |
_cRE _h610.73 _2ddc |
||
| 999 |
_c29573 _d29573 |
||